studying about the percentage and effective economics of processing log to veneer in long day and king wood factories (សិក្សាពីអត្រា និង លទ្ធភាពសេដ្ខកិច្ចនៃការកែច្នៃឈើមូលជាឈើចំណិតស្តើង (veneer) នៅរោងចក្រ long day និង រោងចក្រ king wood ) (Record no. 3105)

000 -LEADER
fixed length control field 00762nam a22001577a 4500
003 - CONTROL NUMBER IDENTIFIER
control field OSt
005 - DATE AND TIME OF LATEST TRANSACTION
control field 20151104105116.0
008 - FIXED-LENGTH DATA ELEMENTS--GENERAL INFORMATION
fixed length control field 151104b xxu||||| |||| 00| 0 eng d
040 ## - CATALOGING SOURCE
Transcribing agency RUA
082 ## - DEWEY DECIMAL CLASSIFICATION NUMBER
Classification number FOR PRA 1997 B124 Or.1
100 ## - MAIN ENTRY--PERSONAL NAME
9 (RLIN) 3329
Personal name PRACK, CHAMNAN.
245 ## - TITLE STATEMENT
Title studying about the percentage and effective economics of processing log to veneer in long day and king wood factories (សិក្សាពីអត្រា និង លទ្ធភាពសេដ្ខកិច្ចនៃការកែច្នៃឈើមូលជាឈើចំណិតស្តើង (veneer) នៅរោងចក្រ long day និង រោងចក្រ king wood )
260 ## - PUBLICATION, DISTRIBUTION, ETC. (IMPRINT)
Place of publication, distribution, etc. Phnom Penh
Name of publisher, distributor, etc. RUA
Date of publication, distribution, etc. 1997
300 ## - PHYSICAL DESCRIPTION
Extent 40p.
Other physical details ill.
Dimensions 29cm.
942 ## - ADDED ENTRY ELEMENTS (KOHA)
Source of classification or shelving scheme
Koha item type FOR
Holdings
Price effective from Date last seen Permanent Location Not for loan Date acquired Source of classification or shelving scheme Koha item type Lost status Withdrawn status Date last checked out Total Checkouts Shelving location Damaged status Barcode Current Location Full call number
2015-11-042015-11-04Library Block B 2015-11-04 FOR    B124 RUA010831Library Block BFOR PRA 1997 B124 Or.1
2015-11-042015-11-04Library Block B 2015-11-04 FOR    B124 RUA010903Library Block BFOR PRA 1997 B124 Or.2
2015-11-042019-03-15Library Block B 2015-11-04 FOR  2019-02-271B124 RUA010844Library Block BFOR PRA 1997 B124 Or.3
2015-11-042015-11-04Library Block B 2015-11-04 FOR    B124 RUA010776Library Block BFOR PRA 1997 B124 Or.4
2015-11-042015-11-04Library Block B 2015-11-04 FOR    B124 RUA010772Library Block BFOR PRA 1997 B124 Or.5
មជ្ឈមណ្ឌលឯការនៃសាកលវិទ្យាល័យភូមិន្ទកសិកម្មចំការដូង

Powered by Koha